000
00182nam a2200085 4500
001
1256610
005
20260102101517.0
245
_a
DEDEKTİF KURU KAFA
_c
DEREK LANDY
260
_b
ARTEMİS
999
_c
1256610
_d
1256610